000 00618nam a2200193Ia 4500
003 GCL
008 140319s9999 xx 000 0 ara d
040 _aGCL /
_cGCL
082 0 4 _a258.1
_bع ز
100 1 _aعبدالخالق محمد الشامى
245 1 0 _aزاد الخطيب /
_cعبدالخالق محمد الشامى
260 _a[S.N] :
_bدار الوفاء للطباعة والنشر والتوزيع ،
_c1992
300 _a647 ص
490 _a
650 0 4 _aالعقائد الاسلامية
650 0 4 _aالفقه الاسلامى
650 0 4 _aالفقه الحنفى
942 _2ddc
_cBK
999 _c29423
_d29423